000 00605nam a2200169Ia 4500
008 090711s9999 xx 000 0 und d
082 _b73255
100 _aशिरकांडे रा. पि. / वराडे सु. भि.
245 _aपाणीSा पाणी
260 _c1993
300 _a137
600 _aशिरकांडे रा. पि. / वराडे सु. भि.
630 _aपाणीSा पाणी
700 _aशिरकांडे रा. पि. / वराडे सु. भि.
730 _aपाणीSा पाणी
942 _cBOOK
999 _c290304
_d290304